Just as I Am (Record no. 18581)

MARC details
000 -LEADER
fixed length control field 00584nam a2200229 a 4500
020 ## - INTERNATIONAL STANDARD BOOK NUMBER
ISBN
082 00 - DEWEY DECIMAL CLASSIFICATION NUMBER
Classification number 201
Author Cutter GRA1
100 ## - MAIN ENTRY--AUTHOR NAME
Author name Graham, Billy
245 ## - TITLE STATEMENT
Title Just as I Am
Sub title the Autubiography of Billy Graham
260 ## - PUBLICATION, DISTRIBUTION, ETC. (IMPRINT)
Place of publication Zondervan
Name of publisher Harper San Francisco
Year of publication 1997
300 ## - PHYSICAL DESCRIPTION
Number of Pages 760p
500 ## - GENERAL NOTE
General note includes index and biblioraphy
505 2# - FORMATTED CONTENTS NOTE
Formatted contents note Index of Name and Places
942 ## - ADDED ENTRY ELEMENTS (KOHA)
Koha item type Books
700 1# -
-- Graham, Billy
Holdings
Collection code Home library Current library Date acquired Cost, normal purchase price Full call number Accession Number Koha item type
  Henry Martyn Institute Library Henry Martyn Institute Library 04/20/2007 1311.00 201 GRA1 11001195 Books
                   Copyright © 2026 | Henry Martyn Institute | Hyderabad | TS-500052 | INDIA | Implemented by hmi.edu.in
Hit-Count:

Powered by Koha